Juraj Špitzer

Podrobná bibliografia
Hlavný autor: Machala, Drahoslav, 1947-2015 (Autor)
Médium: Článok
Jazyk:slovenčina
Fyzický popis:Fot. 1.
Predmet:

MARC

LEADER 00000nab a2200000 a 4500
001 vtls000443463
003 SK-MaSNL
005 20260303175232.0
008 230626c xo 0 slo
015 |a SNBRB19rr/mm-uuuuu 
035 |a CL0443593 
040 |a SNKBUCL  |b slo  |c SNKBUCL  |e AACR2 
041 0 |a slo 
044 |a xo  |c SK 
080 |a 82:929:885.4  |2 1981 
080 |a 929  |2 1981 
080 |a 885.4  |2 1981 
080 |a 929 Špitzer, Juraj  |2 1981 
100 1 |a Machala, Drahoslav,  |d 1947-2015  |4 aut  |9 159247 
245 1 0 |a Juraj Špitzer  |c Drahoslav Machala ; Juraj Špitzer 
300 |b Fot. 1. 
600 1 7 |a Špitzer, Juraj,  |d 1919-1995,  |2 snkbucl  |9 108225 
600 1 7 |a Špitzer, Juraj,  |d 1919-1995  |2 snkbucl  |9 108225 
655 7 |a články z novín a časopisov  |2 snkbucl  |9 267496 
655 7 |a články z odboru literárna veda a krásna literatúra  |2 snkbucl  |9 770045 
773 0 |t Slovenské národné noviny  |g Roč. 3(7), č. 3 (1992), s. 4 
850 |a Slovenská národná knižnica v Martine  |a MTA001 
852 |a SNK  |b KIS3GCP 
958 |a BX 
958 |a RK 
958 |a LX 
992 |a RBX 
999 |c 2100778  |d 2102708